BCIS construction duration calculator (Record no. 120781)
[ view plain ]
| 000 -LEADER | |
|---|---|
| fixed length control field | 00973cai a22001935a 4500 |
| 001 - CONTROL NUMBER | |
| control field | E147064 |
| 008 - FIXED-LENGTH DATA ELEMENTS--GENERAL INFORMATION | |
| fixed length control field | 090327u xxk g 000 0 eng d |
| 035 ## - SYSTEM CONTROL NUMBER | |
| System control number | (Sirsi) u147064 |
| 041 0# - LANGUAGE CODE | |
| Language code of text/sound track or separate title | eng |
| 110 2# - MAIN ENTRY--CORPORATE NAME | |
| Corporate name or jurisdiction name as entry element | Building Cost Information Service |
| 9 (RLIN) | 1096 |
| 245 00 - TITLE STATEMENT | |
| Title | BCIS construction duration calculator |
| Medium | [electronic resource] |
| 520 ## - SUMMARY, ETC. | |
| Summary, etc. | Part of the BCIS website devoted to its new service: the Construction Duration Calculator. This is a subscription service, which uses data collected as part of the annual Key Performance Indicators survey to help users predict how long a construction project may last, and how fast or slowly it may progress. |
| 590 ## - LOCAL NOTE (RLIN) | |
| Local note | KA |
| 650 24 - SUBJECT ADDED ENTRY--TOPICAL TERM | |
| Topical term or geographic name entry element | BCIS CONSTRUCTION DURATION CALCULATOR |
| 651 #4 - SUBJECT ADDED ENTRY--GEOGRAPHIC NAME | |
| Geographic name | United Kingdom |
| Chronological subdivision | 1973- |
| 690 ## - LOCAL SUBJECT ADDED ENTRY--TOPICAL TERM (OCLC, RLIN) | |
| Topical term or geographic name as entry element | Project management |
| 9 (RLIN) | 6261 |
| 856 40 - ELECTRONIC LOCATION AND ACCESS | |
| Uniform Resource Identifier | <a href="https://www.bcis.co.uk/site/scripts/documents_info.aspx?documentID=80&pageNumber=1">https://www.bcis.co.uk/site/scripts/documents_info.aspx?documentID=80&pageNumber=1</a> |
| Public note | Find out more about this subscription service at www.bcis.co.uk... |
| 942 ## - ADDED ENTRY ELEMENTS (KOHA) | |
| Suppress in OPAC | 0 |
| Withdrawn status | Lost status | Source of classification or shelving scheme | Damaged status | Not for loan | Home library | Current library | Shelving location | Date acquired | Total Checkouts | Full call number | Barcode | Date last seen | Copy number | Price effective from | Koha item type |
|---|---|---|---|---|---|---|---|---|---|---|---|---|---|---|---|
| Dewey Decimal Classification | Virtual | Virtual | Online | 27/03/2009 | WEBSITE | 147064-2001 | 06/08/2019 | 1 | 06/08/2019 | Online material |